000 00195nam a2200085Ia 4500
008 120527s9999 xx 000 0 und d
100 _aReynolyd & Lloyd
245 _aEconomics of Labor
942 _cBK
999 _c27168
_d27168